00406nam a2200145Ia 4500008004100000082002000041245008400061250000900145260002700154650001300181650001700194650001600211650001200227700002100239220204s9999 xx 000 0 und d a576.3:61bCOW.2 0aSpecial cytology: The form and functions of the cell in health and disease. V 2 aEd.2 aNew YorkbHafnerc1963 aCytology aHeart system aLymphocytes aThyroid aCowdry, Edmund V